000 01029nam a22002772a 4500
001 32410
003 BD-RjUL
005 20211209051830.0
008 140426s1979 ii b 000 0beng d
035 _a(BD-RjUL)32499
_aOCLC ocm14089697 from D960517M
040 _aIUL
_cIUL
_dBD-RjUL
_beng
041 _aeng
082 _a297.09
_bNAM 1979
100 1 _aNadwi, S. Abul Hasan Ali,
_d1913-
_998601
245 1 2 _aA misunderstood reformer /
_cby S. Abul Hasan Ali Nadwi ; translated by Mohiuddin Ahmad
250 _a1st English ed.
260 _aLucknow, India :
_bAcademy of Islamic Research and Publications,
_c1979.
300 _a57 p. ;
_c18 cm.
490 1 _aSeries / Academy of Islamic Research & Publications ;
_vno. 131
504 _aIncludes bibliographical references.
600 0 0 _aSayyid Aḥmad Shahīd,
_d1786-1831.
_998602
650 0 _aIslam
_zPakistan
_xHistory.
_998603
830 0 _vno. 131
_998606
830 0 _aSeries (Academy of Islamic Research & Publications (Lucknow, India)) ;
_998607
942 _2ddc
_cBK
999 _c32410
_d32410